000 00696nam a2200241Ia 4500
003 OSt
005 20220926013710.0
006 a|||||r|||| 00| 0
007 ta
008 220923b |||||||| |||| 00| 0 eng d
020 _a0471414905
037 _cGeneral Book
040 _aRTL
_cRTL
_beng
041 _2eng
_aeng
082 _aX65:7:(B), P2/TD
100 _aDAMODARAN Aswath
245 0 _aInvestment valuation
_b Tools and techniques for determining the value of any asset.
250 _a2
260 _aNew York
_bJohn Wiley
_c2002
300 _axvi, 992p
_ccm.
942 _hX65:7:(B), P2/TD
_cGB
_2CC
999 _c626631
_d626631